| 000 | 00931nam a22003017a 4500 | ||
|---|---|---|---|
| 001 | 4759 | ||
| 003 | FISKH | ||
| 005 | 20241009095342.0 | ||
| 008 | 241009b cb ||||| |||| 00| 0 eng d | ||
| 020 | _a9780064441933 | ||
| 040 |
_aFISKH _beng _cFISKH _dFISKH |
||
| 050 | _aPZ7.M478415 | ||
| 082 | _a161 | ||
| 100 |
_aMccully, Arnold Emily _d(1939-) |
||
| 245 |
_aGrandmas at bat / _cBy Emily Arnold McCully |
||
| 250 | _aFirst edition in 1995 | ||
| 260 |
_aNew York : _bHarperTrophy, _c1995. |
||
| 300 |
_a64 pages : _bColor illustrations ; _c22 cm |
||
| 505 | _aJ | ||
| 520 | _aPip's two grandmothers, who cannot agree on anything, take over coaching her baseball team and create chaos. | ||
| 521 | 8 |
_a460L
_bLexile |
|
| 521 | 8 |
_aJ
_bRaz-Plus |
|
| 650 |
_2Baseball _aFamily _vEarly reader |
||
| 650 |
_2Grandparents _aChildren's |
||
| 700 |
_aSendak, Maurice _dIllustrator |
||
| 942 |
_2ddc _cBK _n0 |
||
| 999 |
_c4759 _d4759 |
||